|
|
|
|
| LEADER |
00000nab a2200000 a 4500 |
| 001 |
vtls000677436 |
| 003 |
SK-MaSNL |
| 005 |
20260302191000.0 |
| 008 |
180205c1998 xo 0 slo |
| 015 |
|
|
|a SNBRB1998/11-23989
|
| 035 |
|
|
|a CLN000029605
|
| 040 |
|
|
|a SNKBUCL
|b slo
|c SNKBUCL
|e AACR2
|
| 041 |
0 |
|
|a slo
|
| 044 |
|
|
|a xo
|c SK
|
| 080 |
|
|
|a 327.39(4-191.2):061.2:061.3
|2 UDC-MRF-SK2
|
| 080 |
|
|
|a 339.922(4-191.2)
|2 UDC-MRF-SK2
|
| 100 |
1 |
|
|a Drábek, Ivan
|4 aut
|9 553849
|
| 245 |
1 |
0 |
|a Integračné ambície SR
|b summit Stredoeurópskej iniciatívy
|c Ivan Drábek
|
| 610 |
|
7 |
|a Stredoeurópska iniciatíva
|x summit
|y 1998
|2 snkbucl
|9 903510
|
| 655 |
|
7 |
|a články z novín a časopisov
|2 snkbucl
|9 267496
|
| 773 |
0 |
|
|t Pravda
|g Roč. 8, č. 271 (23.11.1998), s. 22
|
| 850 |
|
|
|a Slovenská národná knižnica v Martine
|
| 852 |
|
|
|a SNK
|b KIS3GCP
|
| 958 |
|
|
|a RBX
|
| 999 |
|
|
|c 1435542
|d 1437472
|